000 00416cam a2200181ua 4500
020 _c3.50
041 _ahin
_h
082 _a891.54
_bPRE/PE
100 _aPremchand, .
245 _aPrem prasoon /
_cPremchand.
_hTextual Documents
250 _a1 /
_b.
260 _aNew Delhi :
_bSaraswathi Press ,
_c1962.
300 _a183 ; .
365 _a3.50
504 _a
942 _cBK
999 _c6422
_d6422